<?xml version="1.0" encoding="UTF-8"?>
<collection xmlns="http://www.loc.gov/MARC21/slim">
 <record>
  <leader>06095nam a2200469 a 4500</leader>
  <controlfield tag="001">kal3435</controlfield>
  <controlfield tag="003">Gr-AtHEAL</controlfield>
  <controlfield tag="005">20160425102526.0</controlfield>
  <controlfield tag="006">m        d        </controlfield>
  <controlfield tag="008">160413s2015    gr      s           gre|c</controlfield>
  <datafield tag="020" ind1=" " ind2=" ">
   <subfield code="a">9789606034343</subfield>
  </datafield>
  <datafield tag="040" ind1=" " ind2=" ">
   <subfield code="a">GR-AtHEAL</subfield>
   <subfield code="b">gre</subfield>
   <subfield code="c">GR-AtHEAL</subfield>
  </datafield>
  <datafield tag="082" ind1="0" ind2="4">
   <subfield code="a">560</subfield>
   <subfield code="2">23</subfield>
  </datafield>
  <datafield tag="100" ind1="1" ind2=" ">
   <subfield code="a">Ζαμπετάκη-Λέκκα, Αλεξάνδρα</subfield>
   <subfield code="8">1778</subfield>
  </datafield>
  <datafield tag="245" ind1="1" ind2="2">
   <subfield code="a">Η μικροπαλαιοντολογία και οι εφαρμογές της</subfield>
   <subfield code="h">[Ηλεκτρονικός πόρος] </subfield>
   <subfield code="c">Ζαμπετάκη-Λέκκα, Αλεξάνδρα και άλλοι ; Κριτικός αναγνώστης,Iωακείμ, Χρυσάνθη ; Τεχνική επιμέλεια,Παπαβασιλείου, Σπυρίδων.</subfield>
  </datafield>
  <datafield tag="260" ind1=" " ind2=" ">
   <subfield code="a">Αθήνα :</subfield>
   <subfield code="b">Σύνδεσμος Ελληνικών Ακαδημαϊκών Βιβλιοθηκών,</subfield>
   <subfield code="c">c2015.</subfield>
  </datafield>
  <datafield tag="490" ind1=" " ind2=" ">
   <subfield code="a">Ακαδημαϊκά Ηλεκτρονικά Συγγράμματα και Βοηθήματα Κάλλιπος</subfield>
   <subfield code="8">40</subfield>
  </datafield>
  <datafield tag="500" ind1=" " ind2=" ">
   <subfield code="a">Υπάρχουν πέντε συνσυγγραφείς</subfield>
  </datafield>
  <datafield tag="520" ind1=" " ind2=" ">
   <subfield code="a">Το βιβλίο αυτό απευθύνεται κατά κύριο λόγο σε προπτυχιακούς και μεταπτυχιακούς φοιτητές των τμημάτων Γεωλογίας των ελληνικών πανεπιστημίων, από τους οποίους μπορεί να χρησιμοποιηθεί ως κύριο σύγγραμμα. Μπορεί ακόμα να χρησιμοποιηθεί από φοιτητές και ερευνητές βιολόγους, φοιτητές πανεπιστημίων αλλοδαπής, γεωλόγους και μη ειδικούς επιστήμονες.H πρωτοτυπία του συγγράμματος έγκειται στο ότι παράλληλα με τη θεωρητική ανάλυση του θέματος, παρέχει βήμα-βήμα τη διαδικασία μικροπαλαιοντολογικής έρευνας από τη συλλογή των δειγμάτων, την εργαστηριακή επεξεργασία τους και τη διαδικασία προσδιορισμού των μικροαπολιθωμάτων. Χωρίς λεπτομερείς συστηματικές περιγραφές, παρατίθενται άφθονες πρωτότυπες εικόνες και φωτογραφίες μικροσκοπίου (προερχόμενες από τις πρόσωπικές έρευνες των συγγραφέων), για την μύηση των αναγνωστών στον τρόπο μελέτης των μικροαπολιθωμάτων κατά τρόπο ευχάριστο, επιστημονικό και ελκυστικό.Καταρχήν εισάγει τους αναγνώστες στο αντικείμενο της επιστήμης της Μικροπαλαιοντολογίας, της μελέτης του θαυμαστού μικρόκοσμου της πέτρας, με την αξιοζήλευτη για την προσαρμοστικότητα στα περιβάλλοντα διαβίωσής του αρχιτεκτονική των κελυφών τους και τις πληροφορίες που παρέχουν για την εξέλιξη του γήινου περιβάλλοντος και της ζωής στον πλανήτη. Μετά από ένα σύντομο ιστορικό της εξέλιξης της Μικροπαλαιοντολογίας ως επιστήμης και των σημερινών ερευνητικών στόχων, εξετάζονται οι κυριότερες ομάδες μικροαπολιθωμάτων. Η επιλογή έγινε με κριτήρια το βαθμό χρησιμότητας τους στη σύγχρονη έρευνα.Σε κάθε ομάδα εξετάζεται ο σύγχρονος οργανισμός (περιγραφή, περιβάλλον ζωής και τρόποι διατροφής και διαβίωσης, αναπαραγωγή) και ο απολιθωμένος οργανισμός (κριτήρια και μεθοδολογία προσδιορισμού και συστηματικής ταξινόμησης). Τέλος παρατίθενται οι εφαρμογές της Μικροπαλαιοντολογίας στην έρευνα και στις ανάγκες της σύγχρονης κοινωνίας και παρέχεται πλούσια βιβλιογραφία</subfield>
  </datafield>
  <datafield tag="650" ind1=" " ind2="0">
   <subfield code="a">Micropaleontology</subfield>
   <subfield code="8">2394</subfield>
  </datafield>
  <datafield tag="653" ind1=" " ind2=" ">
   <subfield code="a">Παλαιοοικολογία</subfield>
  </datafield>
  <datafield tag="653" ind1=" " ind2=" ">
   <subfield code="a">Παλαιοπεριβάλλον</subfield>
  </datafield>
  <datafield tag="653" ind1=" " ind2=" ">
   <subfield code="a">Παλαιοβιογεωγραφία</subfield>
  </datafield>
  <datafield tag="653" ind1=" " ind2=" ">
   <subfield code="a">Βιοστρωματογραφία</subfield>
  </datafield>
  <datafield tag="653" ind1=" " ind2=" ">
   <subfield code="a">Εφαρμογές της μικροπαλαιοντολογίας</subfield>
  </datafield>
  <datafield tag="653" ind1=" " ind2=" ">
   <subfield code="a">Κωνόδοντα</subfield>
  </datafield>
  <datafield tag="653" ind1=" " ind2=" ">
   <subfield code="a">Οστρακώδη</subfield>
  </datafield>
  <datafield tag="653" ind1=" " ind2=" ">
   <subfield code="a">Ναννοαπολιθώματα</subfield>
  </datafield>
  <datafield tag="653" ind1=" " ind2=" ">
   <subfield code="a">Τρηματοφόρα</subfield>
  </datafield>
  <datafield tag="653" ind1=" " ind2=" ">
   <subfield code="a">Μικροπαλαιοντολογία</subfield>
  </datafield>
  <datafield tag="653" ind1=" " ind2=" ">
   <subfield code="a">Επιστήμες της γης</subfield>
   <subfield code="a">Παλαιοντολογία</subfield>
   <subfield code="a">Μικροπαλαιοντολογία</subfield>
  </datafield>
  <datafield tag="700" ind1="1" ind2=" ">
   <subfield code="a">Ντρίνια, Χαρίκλεια</subfield>
   <subfield code="e">Συγγραφέας</subfield>
   <subfield code="8">1779</subfield>
  </datafield>
  <datafield tag="700" ind1="1" ind2=" ">
   <subfield code="a">Αντωναράκου, Ασημίνα</subfield>
   <subfield code="e">Συγγραφέας</subfield>
   <subfield code="8">1780</subfield>
  </datafield>
  <datafield tag="700" ind1="1" ind2=" ">
   <subfield code="a">Τσουρού, Θεοδώρα</subfield>
   <subfield code="e">Συγγραφέας</subfield>
   <subfield code="8">1781</subfield>
  </datafield>
  <datafield tag="700" ind1="1" ind2=" ">
   <subfield code="a">Di Stefano, Agata</subfield>
   <subfield code="e">Συγγραφέας</subfield>
   <subfield code="8">1782</subfield>
  </datafield>
  <datafield tag="700" ind1="1" ind2=" ">
   <subfield code="a">Baldassini, Niccolo</subfield>
   <subfield code="e">Συγγραφέας</subfield>
   <subfield code="8">1783</subfield>
  </datafield>
  <datafield tag="700" ind1="1" ind2=" ">
   <subfield code="a">Iωακείμ, Χρυσάνθη</subfield>
   <subfield code="e">Κριτικός αναγνώστης</subfield>
   <subfield code="8">1784</subfield>
  </datafield>
  <datafield tag="856" ind1="4" ind2="0">
   <subfield code="u">http://hdl.handle.net/11419/3435</subfield>
   <subfield code="z">Πλήρες Κείμενο - Full text</subfield>
  </datafield>
  <datafield tag="907" ind1=" " ind2=" ">
   <subfield code="a">.b25679466</subfield>
   <subfield code="b">12-06-18</subfield>
   <subfield code="c">29-07-16</subfield>
  </datafield>
  <datafield tag="949" ind1=" " ind2=" ">
   <subfield code="0">0</subfield>
   <subfield code="1">0</subfield>
   <subfield code="2">ddc</subfield>
   <subfield code="4">0</subfield>
   <subfield code="6">560_000000000000000_ΖΑΜ</subfield>
   <subfield code="7">0</subfield>
   <subfield code="8">KALL</subfield>
   <subfield code="8">705</subfield>
   <subfield code="d">2016-04-13</subfield>
   <subfield code="r">2016-04-13</subfield>
   <subfield code="w">2016-04-13</subfield>
   <subfield code="z">560 ΖΑΜ</subfield>
   <subfield code="o">SEAB KALLIPOS</subfield>
  </datafield>
  <datafield tag="998" ind1=" " ind2=" ">
   <subfield code="a">80</subfield>
   <subfield code="a">01</subfield>
   <subfield code="a">02</subfield>
   <subfield code="a">03</subfield>
   <subfield code="a">04</subfield>
   <subfield code="a">05</subfield>
   <subfield code="a">06</subfield>
   <subfield code="a">07</subfield>
   <subfield code="a">08</subfield>
   <subfield code="a">09</subfield>
   <subfield code="a">10</subfield>
   <subfield code="a">11</subfield>
   <subfield code="a">12</subfield>
   <subfield code="a">13</subfield>
   <subfield code="a">14</subfield>
   <subfield code="a">15</subfield>
   <subfield code="a">16</subfield>
   <subfield code="a">17</subfield>
   <subfield code="a">18</subfield>
   <subfield code="a">19</subfield>
   <subfield code="a">20</subfield>
   <subfield code="a">21</subfield>
   <subfield code="a">22</subfield>
   <subfield code="a">23</subfield>
   <subfield code="a">24</subfield>
   <subfield code="a">25</subfield>
   <subfield code="a">26</subfield>
   <subfield code="b">16-05-17</subfield>
   <subfield code="c">m</subfield>
   <subfield code="d">z  </subfield>
   <subfield code="e">-</subfield>
   <subfield code="f">gre</subfield>
   <subfield code="g">gr </subfield>
   <subfield code="h">2</subfield>
  </datafield>
  <datafield tag="942" ind1=" " ind2=" ">
   <subfield code="2">ddc</subfield>
   <subfield code="c">KALLIPOS</subfield>
  </datafield>
 </record>
</collection>
